• 首页
  • 本馆介绍
  • 公告通知
  • 最新文献
  • 馆藏检索
  • 电子资源
  • 读者导购
  • 参考咨询
  • 我的图书馆
  • 登录
  • 详细信息显示
  • 放入我的书架
  • 预约/预借图书
  • 作者相关作品
  • 分类相关作品
  • 丛书相关作品
  • 出版社相关作品

书目信息

  • 表格格式
  • 工作单格式
  • 卡片格式
题名:
体育职业概论
    
 
作者: 易剑东 主编
分册:  
出版信息: 上海   复旦大学出版社  2013
页数: 276页
开本: 26cm
丛书名:
单 册:
中图分类: G8 , G8
科图分类:
主题词: 体育工作--教材 , 体育
电子资源:
ISBN: 978-7-309-10061-7
000 01011nam0 2200301 450
001 1555651758
005 20150706152838.23
010    @a978-7-309-10061-7@dCNY37.00
090    @aG8@byjd
096    @aG8@byjd
100    @a20131031d2013 em y0chiy50 ea
101 0  @achi
102    @aCN@b310000
105    @ay z 000yy
106    @ar
200 1  @a体育职业概论@b专著@dAn introduction to sports careers@f易剑东主编@zeng@Ati yu zhi ye gai lun
210    @a上海@c复旦大学出版社@d2013
215    @a276页@d26cm
300    @a信毅教材大系
330    @a本书从行业和产业划分、学业和专业设置、职业和就业取向依次匹配的角度,详述了十八个体育相关职业的职业概述、职业发展状况、职业发展规划、从业风险和发展路径等内容。
510 1  @aIntroduction to sports careers@zeng
606 0  @a体育工作@j教材
606 0  @a体育
690    @aG8@v5
690    @aG8@v4
701  0 @a易剑东@f(1969~)@4主编@Ayi jian dong
801  0 @aCN@b大连网信软件有限公司图书馆·11@c20150706
905    @aZUCC@dG8@et10
    
    体育职业概论=An introduction to sports careers/易剑东主编.-上海:复旦大学出版社,2013
    276页;26cm
    信毅教材大系
    
    ISBN 978-7-309-10061-7:CNY37.00
    本书从行业和产业划分、学业和专业设置、职业和就业取向依次匹配的角度,详述了十八个体育相关职业的职业概述、职业发展状况、职业发展规划、从业风险和发展路径等内容。
●
相关链接 在E读中查询图书 在五车中查询图书 在当当中查询图书 在豆瓣中查询图书


正题名:体育职业概论     索取号:G8/t10         预约/预借

序号 登录号 条形码 馆藏地/架位号 状态 备注
1 6940338   269403380   密集书库-体育系/ [索取号:G8/t10] 在馆    
2 6940391   269403914   密集书库-体育系/ [索取号:G8/t10] 在馆    
唐山师范学院图书馆 欢迎您!
大连网信软件有限公司© 版权所有